000 00464 a2200145 4500
005 20250320114354.0
020 _a9780198776260
082 _a338.9 ALL
245 _aPoverty and Development into the 21 Century.
260 _aNew York,
_bOxford University Press,
_c2000.
300 _axi,572p.:Ill.;figures,picture,table.
_bIndex, References.
_c24cm.
700 _aTIM, A. & ALAN,T.
856 _yAccess Online Book.
_fPoverty.
_dhttp://www.ouw.co.uk
942 _2ddc
_cBKS
999 _c619
_d619